000 01065nam0a22002531 4500
001 rc\3564501
005 20260510063727.0
021 _aRU
_bРг11596-76
021 _aRU
_b76-59467
035 _a(NLR Aleph) 007687815
090 _a6608840
_c6608840
100 _a20130115d1976 |||y0rusy50 ca
101 0 _arus
102 _aRU
105 _ay z |||||
200 1 _aРекомендации по обеспыливанию грунтовых дорог в городах и поселках Байкало-Амурской магистрали
_fМ-во жил.-коммун. хоз-ва РСФСР. Акад. коммун. хоз-ва им. К.Д. Памфилова. Отд. науч.-техн. информации
210 _aМосква
_cБ. и.
_d1976
215 _a10 с.
_d20
712 0 2 _aАкадемия коммунального хозяйства им. К. Д. Памфилова
_cМосква
_9294176
_3RU\NLR\AUTH\8810784
801 0 _aRU
_bNLR
_gpsbo
801 1 _aRU
_bELAR
_2rusmarc
852 _aNLR
_j76-4/26562
942 _cBOOK
980 _aNB